000
00255nam a2200109Ia 4500
008
190913s9999||||xx |||||||||||||| ||und||
100
_a
Roger S.Pressman
245
0
_a
Software Engineering
260
_a
India
_b
Pearson
_c
1997
300
_a
242
942
_c
BK
999
_c
8129
_d
8129